Summit County, OH: Cities, Villages & Townships - Statistics

General Stats
  • This quiz has been taken 136 times
    108 since last reset
  • The average score is 16 of 31
Answer Stats
First Letter Population Type Answer % Correct
A 199,110 City Akron
97%
C 49,267 City Cuyahoga Falls
86%
B 26,550 City Barberton
70%
H 22,262 City Hudson
70%
F 7,437 City Fairlawn
68%
S 34,837 City Stow
68%
T 18,795 City Twinsburg
68%
T 2,153 Township Twinsburg
68%
G 25,699 City Green
65%
T 17,537 City Tallmadge
65%
N 12,085 City Norton
59%
B 1,664 Township Boston
57%
P 565 Village Peninsula
57%
M 11,188 City Macedonia
54%
C 17,360 Township Copley
49%
N 3,677 Village Northfield
46%
B 9,635 Township Bath
43%
B 1,300 Village Boston Heights
43%
M 3,853 Village Mogadore
43%
R 5,424 Township Richfield
43%
R 3,648 Village Richfield
43%
S 9,340 Township Sagamore Hills
43%
C 1,214 Village Clinton
38%
C 10,900 Township Coventry
38%
S 15,168 Township Springfield
38%
N 14,227 City New Franklin
35%
M 5,012 City Munroe Falls
32%
S 2,519 Village Silver Lake
30%
L 3,068 Village Lakemore
27%
R 3,404 Village Reminderville
27%
N 4,931 Township Northfield Center
22%
No matching quizzes found
Score Distribution
Percent of People with Each Score
Percentile by Number Answered
Your Score History
You have not taken this quiz since the last reset